| 000 | 01151nam a2200217Ia 4500 | ||
|---|---|---|---|
| 003 | Ost | ||
| 005 | 20260507075027.0 | ||
| 008 | 260507s9999||||xx |||||||||||||| ||und|| | ||
| 040 | _cfsecg | ||
| 041 | _aara | ||
| 082 | _a330 | ||
| 100 |
_aعبد الباقي، صلاح الدين _eمؤلف |
||
| 245 | 0 |
_aالإتجاهات الحديثة في إدارة الموارد البشرية / _c صلاح الدين عبد الباقي |
|
| 260 |
_aالإسكندرية: _bدار الجامعة الجديدة للنشر, _c2002 |
||
| 300 |
_a424 صفحة؛ _bإيضاحات ؛ _c24 سم |
||
| 520 | _aالمدخل الى إدارة الموارد البشرية- تكوين وتدبير الموارد البشرية- تدريب وتنمية الموارد البشرية- تعويض الموارد البشرية وإدارة المرتبات والأجور- تقييم أداء الموارد البشرية وترقيتها ونقلها- التحديات المعاصرة لإدارة الموارد البشرية | ||
| 653 | _aالادارة | ||
| 653 | _aالقوى العاملة | ||
| 653 | _aتقييم الأداء | ||
| 942 | _cكتاب | ||
| 999 |
_c42342 _d42342 |
||